Kitāb tārīkh Sūriyā. (Record no. 49933)

MARC details
000 -LEADER
fixed length control field 00571cam a22002411 4500
001 - CONTROL NUMBER
control field ne 68000136
003 - CONTROL NUMBER IDENTIFIER
control field DLC
005 - DATE AND TIME OF LATEST TRANSACTION
control field 20260227111836.0
008 - FIXED-LENGTH DATA ELEMENTS--GENERAL INFORMATION
fixed length control field 890401s1881 xx 000 0 ara
010 ## - LIBRARY OF CONGRESS CONTROL NUMBER
LC control number ne 68000136
035 ## - SYSTEM CONTROL NUMBER
System control number (OCoLC)23514807
040 ## - CATALOGING SOURCE
Original cataloging agency DLC
Transcribing agency MiU
Modifying agency DLC
042 ## - AUTHENTICATION CODE
Authentication code premarc
043 ## - GEOGRAPHIC AREA CODE
Geographic area code a-sy---
050 00 - LIBRARY OF CONGRESS CALL NUMBER
Classification number DS95
Item number .Y3
100 1# - MAIN ENTRY--PERSONAL NAME
Personal name Yannī, Jurjī,
Dates associated with a name -1941.
245 00 - TITLE STATEMENT
Title Kitāb tārīkh Sūriyā.
260 ## - PUBLICATION, DISTRIBUTION, ETC.
Date of publication, distribution, etc. 1881.
300 ## - PHYSICAL DESCRIPTION
Extent 536 p.
Dimensions 21 cm.
500 ## - GENERAL NOTE
General note Romanized.
651 #0 - SUBJECT ADDED ENTRY--GEOGRAPHIC NAME
Geographic name Syria
General subdivision History
740 0# - ADDED ENTRY--UNCONTROLLED RELATED/ANALYTICAL TITLE
Uncontrolled related/analytical title Tārīkh Sūriyā.

No items available.

Powered by Koha